Miasta w Polsce z końcówką "-yce" - Nagła Śmierć - Statystyki

Ogólne statystyki
  • Ten quiz został rozwiązany 90 razy
  • Średni wynik to 9 z 18
Answers on the Grid
Answers color-coded by a green-red scale on the quiz's grid according to % correct below.
Bartoszyce
Bełżyce
Czorczyce
Daleszyce
Dobczyce
Dorszyce
Działoszyce
Faszyce
Głubczyce
Hajnorzyce
Jeżyce
Kleszyce
Kołaczyce
Koszyce
Modliborzyce
Mszyce
Nowe Skalmierzyce
Oleszyce
Paszyce
Pełczyce
Pieszyce
Pyrzyce
Radoszyce
Ropczyce
Sulmierzyce
Szynczyce
Torczyce
Urczyce
Wyśmierzyce
Zbyce
 
Statystyki odpowiedzi
Odpowiedź % Poprawnych
Bartoszyce
85%
Głubczyce
71%
Ropczyce
60%
Dobczyce
54%
Działoszyce
54%
Pyrzyce
54%
Radoszyce
54%
Nowe Skalmierzyce
52%
Bełżyce
50%
Daleszyce
48%
Modliborzyce
42%
Sulmierzyce
42%
Koszyce
40%
Oleszyce
40%
Kołaczyce
38%
Pieszyce
33%
Pełczyce
31%
Wyśmierzyce
31%
Nie znaleziono quizów pasujących do podanych kryteriów
Rozkład punktacji
Procent ludzi z każdym wynikiem
Percentyl według liczby udzielonych odpowiedzi
Twoja historia wyników
Nie rozwiązałeś tego quizu